000 00288nam a22001217a 4500
008 171103b xxu||||| |||| 00| 0 eng d
041 _aeng
080 _211 ED
_a339.138
100 _a60
101 _aMAR
245 _aENTRPRENEIRSHIP OWNING YOUR FUTURE
_cMARRIOTI.S
942 _2udc
_cBK
999 _c37572
_d37572